[Event "15th Vidmar mem"]
[Site "Terme Zrece SLO"]
[Date "2003.08.23"]
[Round "6"]
[White "Lenic,L"]
[Black "Beliavsky,A"]
[Result "1/2-1/2"]
[WhiteElo "2386"]
[BlackElo "2668"]

1.e4 d6 2.d4 Nf6 3.Nc3 g6 4.Bc4 Bg7 5.Qe2 Nc6 6.e5 Nd7 7.Nf3 Nb6 8.Bb3 O-O
9.h3 Na5 10.O-O Nxb3 11.axb3 Bf5 12.Ne4 f6 13.Ng3 fxe5 14.dxe5 dxe5 15.Nxe5 Bxc2
16.Nc6 Qd3 17.Qe6+ Kh8 18.Na5 Nd7 19.Nxb7 Bxb3 20.Qe3 Qb5 21.Na5 Bg8 22.Bd2 Qxb2
23.Rac1 Qe5 24.Nc6 Qxe3 25.Bxe3 a5 26.Nxe7 a4 27.Nxg8 Kxg8 28.Rxc7 Rf7 29.Rc2 Ne5
30.Ne2 a3 31.Bd4 Rd7 32.Ra1 Nf3+ 33.gxf3 Bxd4 34.Nxd4 Rxd4 35.Rc3 a2 36.Rc2 Rda4
37.Kg2 Kg7 38.Kg3 Ra3 39.Re2 Kh6 40.Kg2 R8a5 41.Re4 Rg5+ 42.Kh2 Kh5 43.Re2 Rga5
44.Kg2 R5a4 45.Re5+ g5 46.Re2 Kh4 47.Rd2 h6 48.Rc2 Kh5 49.Rd2 Ra6 50.Rc2 Kg6
51.Rd2 Kf5 52.Rd5+ Ke6 53.Rd2 R6a5 54.Re1+ Kf5 55.Ra1 Kg6 56.Re2 Kh5 57.Rc2 R5a4
58.Rd2 Kh4 59.Rc2 Rf4 60.Raxa2 Raxf3 61.Rc6 h5 62.Rc5 Rb3 63.Rac2 g4 64.hxg4 Rxg4+
65.Kf1 Rh3 66.R2c4 Rh1+ 67.Ke2 Ra1 68.Rxg4+ Kxg4 69.Rc8 h4 70.Rg8+ Kh3 71.f4 Kh2
72.Kf3 h3 73.f5 Kh1 74.Kf4 h2 75.f6 Rg1 76.Rh8 Kg2 77.Ke5  1/2-1/2

[Event "15th Vidmar mem"]
[Site "Terme Zrece SLO"]
[Date "2003.08.25"]
[Round "8"]
[White "Sutovsky,E"]
[Black "Beliavsky,A"]
[Result "1/2-1/2"]
[WhiteElo "2639"]
[BlackElo "2668"]

1.e4 e5 2.Nf3 Nc6 3.d4 exd4 4.Nxd4 Bc5 5.Be3 Qf6 6.c3 Nge7 7.g3 d5 8.Bg2 dxe4
9.O-O Nxd4 10.cxd4 Bb6 11.a4 a5 12.Nc3 O-O 13.Bxe4 Rd8 14.Re1 h6 15.Qb3 Bf5
16.Bxb7 Rab8 17.Bg2 Bxd4 18.Bxd4 Qxd4 19.Nb5 Qf6 20.Qc3 c6 21.Na7 Be6 22.Qxa5 Qd4
23.Nxc6 Nxc6 24.Bxc6 Rxb2 25.Rf1 Rd2 26.Rae1 Rc8 27.Bg2 Ra2  1/2-1/2

[Event "EuTCh"]
[Site "Plovdiv BUL"]
[Date "2003.10.14"]
[Round "4"]
[White "Delchev,A"]
[Black "Beliavsky,A"]
[Result "1-0"]
[WhiteElo "2603"]
[BlackElo "2667"]

1.e4 e5 2.Nf3 Nc6 3.Bc4 Nf6 4.d3 Be7 5.O-O O-O 6.Re1 d6 7.a4 Be6 8.Nbd2 Qd7
9.c3 Rad8 10.b4 Qc8 11.Bb2 g6 12.Bxe6 Qxe6 13.b5 Nb8 14.d4 Nh5 15.g3 Nd7
16.Qe2 Bf6 17.Qc4 Rc8 18.Qxe6 fxe6 19.Nc4 Be7 20.Nfd2 exd4 21.cxd4 b6 22.a5 Rf7
23.axb6 axb6 24.Ra7 d5 25.exd5 exd5 26.Ne3 Bb4 27.Re2 Bxd2 28.Rxd2 Ndf6 29.Rc2 Ng7
30.Rb7 Nge8 31.Rxb6 Ra8 32.Re6 Rb8 33.Rc5 Ne4 34.Rxd5 Nxf2 35.Ba3 Nf6 36.Rc5 N6e4
37.Rce5 Nc3 38.b6 Rxb6 39.Rxb6 cxb6 40.Re8+ Kg7 41.d5 Nd3 42.d6 Nb5 43.Nc4 Nxa3
44.Nxa3 Nc5 45.Nb5 Rf8 46.Re7+ Rf7 47.Rc7 Kf6 48.Rc6 Nd7 49.Rc1 Ne5 50.Nc7 Rd7
51.Rf1+ Kg7 52.Ne6+ Kh6 53.Rf4 g5 54.Rf6+ Ng6 55.h4 g4 56.Ng5 Kg7 57.Ne4 Ne5
58.Re6 Nc4 59.h5 Ra7 60.h6+ Kf7 61.Rf6+ Ke8 62.Rf4 Ne5 63.Nf6+ Kd8 64.Nxg4 Nf7
65.Rf6 b5 66.Kf2 Rd7 67.Ne5  1-0

[Event "EuTCh"]
[Site "Plovdiv BUL"]
[Date "2003.10.19"]
[Round "8"]
[White "Lautier,J"]
[Black "Beliavsky,A"]
[Result "1/2-1/2"]
[WhiteElo "2666"]
[BlackElo "2667"]

1.d4 Nf6 2.c4 e6 3.Nc3 Bb4 4.Qc2 O-O 5.a3 Bxc3+ 6.Qxc3 b6 7.Bg5 Bb7 8.f3 c5
9.dxc5 bxc5 10.e3 a5 11.Bd3 h6 12.Bh4 d6 13.Ne2 Nbd7 14.O-O d5 15.Rfd1 Qb6
16.Bf2 Rab8 17.Rab1 Bc6 18.b3 Rb7 19.cxd5 exd5 20.Ng3 g6 21.Ne2 Re8 22.Qd2 Ne5
23.Bc2 Rd7 24.Nf4 Nh7 25.Nd3 Nxd3 26.Qxd3 Nf8 27.Qd2 Ne6 28.b4 axb4 29.axb4 c4
30.b5 Bb7 31.Qc3 Qc5 32.b6 Rd6 33.Qb4 Ra8 34.e4 d4 35.e5 Rdd8 36.Be4 Ra2
37.Bxd4 Rb2  1/2-1/2

[Event "TCh-SLO"]
[Site "Celje SLO"]
[Date "2003.11.23"]
[Round "9"]
[White "Palac,M"]
[Black "Beliavsky,A"]
[Result "1-0"]
[WhiteElo "2534"]
[BlackElo "2667"]

1.e4 e5 2.Nf3 Nc6 3.Bb5 a6 4.Ba4 Nf6 5.O-O Be7 6.Re1 b5 7.Bb3 O-O 8.c3 d5
9.d4 dxe4 10.Nxe5 Bb7 11.Nd2 Nxe5 12.dxe5 Nd7 13.Nxe4 Nxe5 14.Bf4 Nd7 15.Qd3 Bxe4
16.Qxe4 Bd6 17.Bxd6 cxd6 18.Red1 Re8 19.Qf4 Ne5 20.Rd4 Qe7 21.h3 Rab8 22.Rad1 Red8
23.Qd2 Rb6 24.Rc1 Re8 25.Re4 g5 26.h4 h6 27.f4 gxf4 28.Qxf4 Kg7 29.Qg3+ Kh7
30.Rf1 Rg8 31.Qe3 Rb7 32.Rxf7+  1-0

[Event "TCh-RUS"]
[Site "Dagomys RUS"]
[Date "2004.04.20"]
[Round "1"]
[White "Ionov,S"]
[Black "Beliavsky,A"]
[Result "1/2-1/2"]
[WhiteElo "2538"]
[BlackElo "2667"]

1.d4 Nf6 2.c4 e6 3.Nf3 b6 4.g3 Ba6 5.b3 Bb4+ 6.Bd2 Be7 7.Nc3 O-O 8.Rc1 Ba3
9.Rc2 Nc6 10.Bc1 Bb4 11.Bg2 b5 12.cxb5 Bxb5 13.Bd2 Rb8 14.O-O a5 15.Nxb5 Rxb5
16.Bg5 Be7 17.Bxf6 Bxf6 18.Qd2 Nb4 19.Rcc1 c6 20.Rfd1 Qa8 21.e3 Rfb8 22.Ne5 Bxe5
23.dxe5 R5b7 24.Rc4 Nd5 25.Rdc1 Rb4 26.Qd4 Qb7 27.Qc5 a4 28.bxa4 Rxc4 29.Qxc4 Qb2
30.a5 Qd2 31.Qc2 Qxa5 32.Rb1 Ra8 33.Bxd5 exd5 34.Rb2 g6 35.Kg2 d4 36.exd4 Qd5+
37.Kg1 Qxd4 38.Qe2 Re8 39.Rd2 Rxe5 40.Rxd4 Rxe2 41.Rxd7 Rxa2 42.Rc7 Rc2 43.g4 h6
44.Kg2 Kg7 45.h4 Kf6 46.Kg3 Rc1 47.f3 Ke6 48.Kf4 Rc4+ 49.Kg3 h5 50.Rc8 Kf6
51.Rc7 Rc1 52.Kf4 hxg4 53.fxg4 Kg7 54.h5 Kh6 55.hxg6 Kxg6 56.Rc8 Rc4+ 57.Kf3 c5
58.Rg8+ Kh6 59.Rh8+ Kg7 60.Rh5 Rc1 61.Ke3 c4 62.Rg5+ Kh6 63.Rf5 Re1+ 64.Kd2 Re7
65.Kc3 Rc7 66.Ra5 Kg6 67.Rb5 Kf6 68.Rf5+ Ke6 69.Ra5 Rc8 70.Rb5 Kd6 71.Rf5 Rc7
72.g5 Ke7 73.Rf4 Rc5 74.Rg4 Rc6 75.Rf4 Kf8 76.Rf6 Rxf6 77.gxf6 Kg8 78.Kxc4 Kh7
79.Kd4 Kg6 80.Ke5 Kg5 81.Ke4 Kxf6 82.Kd4  1/2-1/2

[Event "12th Sigeman & Co"]
[Site "Malmoe/Copenhagen SWE"]
[Date "2004.04.30"]
[Round "1"]
[White "Beliavsky,A"]
[Black "Aagaard,J"]
[Result "1-0"]
[WhiteElo "2667"]
[BlackElo "2400"]

1.d4 Nf6 2.c4 g6 3.Nc3 Bg7 4.e4 d6 5.Nf3 O-O 6.Be2 e5 7.O-O Nc6 8.d5 Ne7
9.b4 Nh5 10.Re1 f5 11.Ng5 Nf6 12.Bf3 c6 13.Rb1 Kh8 14.b5 cxd5 15.cxd5 fxe4
16.Ncxe4 Nf5 17.Bg4 Ne8 18.Rb3 h6 19.Rh3 Kg8 20.Ne6 Bxe6 21.dxe6 Qe7 22.Ng3 Rf6
23.Bxf5 gxf5 24.Nh5 Rg6 25.Qc2 Nc7 26.Qxf5 Qxe6 27.Qd3 Nd5 28.Rg3 Ne7 29.Ba3 Rd8
30.h3 Nf5 31.Rg4 Rxg4 32.hxg4 Nd4 33.Qxd4  1-0

[Event "12th Sigeman & Co"]
[Site "Malmoe/Copenhagen SWE"]
[Date "2004.05.04"]
[Round "5"]
[White "Beliavsky,A"]
[Black "Agrest,E"]
[Result "0-1"]
[WhiteElo "2667"]
[BlackElo "2601"]

1.d4 d5 2.c4 c6 3.Nf3 Nf6 4.Nc3 a6 5.e3 e6 6.b3 Bb4 7.Bd2 Bd6 8.Bd3 c5 9.cxd5 exd5
10.dxc5 Bxc5 11.O-O O-O 12.Qc2 Nc6 13.Ne2 Qe7 14.Bc3 Ne4 15.Rad1 Bd6 16.Ba1 Bg4
17.Ng3 Nb4 18.Qb2 f6 19.Qb1 Bxg3 20.hxg3 Rac8 21.a3 Nxd3 22.Qxd3 Rfd8 23.b4 Qc7
24.Bd4 Qc2 25.Qxc2 Rxc2 26.Rc1 Rdc8 27.Rxc2 Rxc2 28.Ne1 Ra2 29.Nd3 Rxa3 30.Nc5 Nd6
31.f3 Bf5 32.g4 Bg6 33.Ra1 Rxa1+ 34.Bxa1 Be8 35.Bd4 Kf7 36.Kf2 Bb5 37.Nb3 Nc8
38.Bc3 Bc4 39.Nd4 Nd6 40.Nf5 Nb5 41.Bb2 Bd3 42.Nd4 Nd6 43.Bc3 b6 44.Nb3 Bc4
45.Nd4 Nb7 46.Nc6 Ke8 47.g5 Kd7 48.gxf6 gxf6 49.Nd4 a5 50.bxa5 bxa5 51.e4 dxe4
52.fxe4 a4 53.e5 fxe5 54.Nf3 Nd6 55.Nxe5+ Ke6 56.Ba1 Bd5 57.Nd3 Kf5 58.Nc5 a3
59.Nd7 Ne4+ 60.Ke3 h5 61.Kd4 Bb7 62.Nb6 a2 63.Kc4 Nd2+ 64.Kc3 Nf1 65.Kb3 Bxg2
66.Kxa2 h4 67.Bd4 h3 68.Bg1 Kg4 69.Na4 Kg3 70.Nc3 Bf3  0-1

[Event "II Gyorgy Marx Mem"]
[Site "Paks HUN"]
[Date "2004.05.05"]
[Round "1"]
[White "Nevednichy,V"]
[Black "Beliavsky,A"]
[Result "1-0"]
[WhiteElo "2544"]
[BlackElo "2667"]

1.e4 e5 2.Nf3 Nc6 3.Bc4 Nf6 4.d3 Be7 5.O-O O-O 6.Re1 d6 7.a4 a5 8.c3 Nd7
9.Be3 Bf6 10.Nbd2 g6 11.h3 Bg7 12.d4 exd4 13.cxd4 Nb4 14.Bg5 Qe8 15.Nf1 Nb6
16.Bb3 Be6 17.d5 Bd7 18.e5 dxe5 19.Nxe5 Bxe5 20.f4 Bxb2 21.Rxe8 Rfxe8 22.Rb1 Bg7
23.Rc1 Rac8 24.Bh4 Bf5 25.Ng3 Bd3 26.Kh2 Re3 27.d6 cxd6 28.Rxc8+ Nxc8 29.Qc1 Re8
30.Qc7 d5 31.Qxa5 Bf8 32.Qc7 Nd6 33.Bf6 Bc4 34.Bd1 Nc6 35.Qb6 Ba6 36.Bb3 Nc4
37.Bxc4 dxc4 38.Ba1 Bg7 39.Bxg7 Kxg7 40.Qb2+ Kg8 41.h4 Re3 42.Qb6 Re6 43.h5 Kg7
44.Qb2+ f6 45.Qd2 Ne7 46.Qd7 Kf7 47.f5 Re5 48.fxg6+ hxg6 49.h6 c3 50.Qc7 b5
51.axb5 Bxb5 52.Qxc3 Kg8 53.Qf3 Nd5 54.Qb3 Kh7 55.Qxb5 Kxh6 56.Qd7 Ne7 57.Qb7 Nd5
58.Qb2 Ne3 59.Qd4 f5 60.Kg1 Ng4 61.Qd2+ Kg7 62.Ne2 Re4 63.Nf4 Kf6 64.Qd8+ Kf7
65.g3 Nf6 66.Qc7+ Re7 67.Qc4+ Ke8 68.Nxg6  1-0

[Event "II Gyorgy Marx Mem"]
[Site "Paks HUN"]
[Date "2004.06.12"]
[Round "7"]
[White "Beliavsky,A"]
[Black "Acs,P"]
[Result "1-0"]
[WhiteElo "2667"]
[BlackElo "2548"]

1.d4 d5 2.c4 c6 3.Nf3 Nf6 4.Nc3 dxc4 5.a4 Bf5 6.Ne5 Nbd7 7.Nxc4 Nb6 8.Ne5 a5
9.f3 Nfd7 10.Nxd7 Nxd7 11.e4 Bg6 12.f4 e6 13.Bc4 Nf6 14.e5 Ne4 15.O-O Bb4
16.Ne2 O-O 17.Be3 Qe7 18.Qb3 Rab8 19.Rad1 Rfc8 20.Kh1 b5 21.Bd3 bxa4 22.Qc2 c5
23.d5 exd5 24.f5 Bh5 25.Bxe4 dxe4 26.Bf4 c4 27.e6 Rb7 28.Rd4 Bxe2 29.Qxe2 fxe6
30.Rxe4 e5 31.Bxe5 Qf7 32.f6 g6 33.h4 Re8 34.h5 g5 35.Bh2 Rxe4 36.Qxe4 Rd7
37.Qf5 Qd5 38.f7+ Qxf7 39.Qxg5+ Qg7 40.Qf5 h6 41.Qe6+ Rf7 42.Rf3 Be7 43.Be5  1-0

[Event "II Gyorgy Marx Mem"]
[Site "Paks HUN"]
[Date "2004.06.14"]
[Round "9"]
[White "Beliavsky,A"]
[Black "Portisch,L"]
[Result "1-0"]
[WhiteElo "2667"]
[BlackElo "2573"]

1.d4 d5 2.c4 e6 3.Nf3 Nf6 4.g3 dxc4 5.Bg2 a6 6.O-O Nc6 7.e3 Bd7 8.Nc3 Bd6
9.Qe2 O-O 10.Qxc4 b5 11.Qe2 b4 12.Nb1 Na5 13.Rd1 Bb5 14.Qe1 Qe8 15.b3 Rc8
16.Bb2 c5 17.dxc5 Bxc5 18.Nbd2 Bc6 19.Rac1 Qe7 20.Bxf6 gxf6 21.Nh4 Bxg2 22.Nxg2 Bd6
23.Qe2 Rxc1 24.Rxc1 Qb7 25.Qg4+ Kh8 26.Qh4 Be7 27.Ne4 Qd5 28.f3 Qd8 29.Qf4 Nb7
30.g4 Kg7 31.Ng3 Nc5 32.Nh5+ Kh8 33.Qd4 e5 34.Qxd8 Rxd8 35.Nh4 e4 36.Nf5 Bf8
37.fxe4 Nxe4 38.h4 Nc3 39.Rc2 Rd3 40.Kg2 Bd6 41.Nxf6 Be5 42.Ne4 Kg8 43.Nc5  1-0

[Event "Politiken Cup"]
[Site "Copenhagen DEN"]
[Date "2004.07.24"]
[Round "1"]
[White "Beliavsky,A"]
[Black "Jensen,Le"]
[Result "1-0"]
[WhiteElo "2679"]
[BlackElo "2057"]

1.e4 e6 2.d4 d5 3.Nc3 dxe4 4.Nxe4 Bd7 5.Nf3 Bc6 6.Bd3 Bxe4 7.Bxe4 c6 8.c3 Nf6
9.Bc2 Qc7 10.O-O Nbd7 11.Re1 Bd6 12.Qe2 O-O 13.Bg5 Rfe8 14.Ne5 Bxe5 15.dxe5 Nd5
16.Rad1 Nf8 17.h4 Ne7 18.h5 h6 19.Bf6 gxf6 20.exf6 Qf4 21.fxe7 Rxe7 22.Rd4 Qf6
23.Qd3 Ree8 24.Re3 Red8 25.Rg4+ Kh8 26.Reg3 Rxd3 27.Rg8+ Kh7 28.Bxd3+ Qg6
29.Rxf8  1-0

[Event "Politiken Cup"]
[Site "Copenhagen DEN"]
[Date "2004.07.27"]
[Round "5"]
[White "Beliavsky,A"]
[Black "Prakken,G"]
[Result "1/2-1/2"]
[WhiteElo "2679"]
[BlackElo "2265"]

1.d4 f5 2.c4 d6 3.g3 Nf6 4.Nf3 g6 5.Bg2 Bg7 6.O-O O-O 7.Nc3 Qe8 8.d5 Na6
9.Rb1 Bd7 10.b4 c6 11.dxc6 bxc6 12.a3 Nc7 13.Bb2 Rb8 14.Ba1 a5 15.c5 d5 16.Ne5 axb4
17.axb4 e6 18.Na4 Na8 19.Bd4 Ne4 20.Qc1 Rb7 21.Bxe4 fxe4 22.Qb2 Qe7 23.f3 exf3
24.exf3 Nc7 25.Qe2 Nb5 26.Bb2 Rf5 27.f4 Be8 28.Nb6 Qc7 29.Ra1 Rb8 30.Ng4 d4
31.Nc4 Rd8 32.Nge5 g5 33.fxg5 Rxe5 34.Nxe5 Qxe5 35.Qxe5 Bxe5 36.Rfe1 Bg7
37.Rxe6 d3 38.Bxg7 Kxg7 39.Rd1 Nc3 40.Rxd3 Rxd3 41.Rxe8 Nd5 42.Kg2 Rd2+ 43.Kf3 Rxh2
44.b5 cxb5 45.Rb8 b4 46.Ke4 Rd2 47.Rb7+ Kf8 48.c6 Ne7 49.Rxb4 Nxc6 50.Rc4 Ne7
51.Kf3 Kf7 52.Kg4 Re2 53.Rd4 Re6 54.Kh5 Kg7 55.Rd7 Re5 56.Kg4 Kg6 57.Rd6+ Kf7
58.Rd7 Re6 59.Kh5 Kg7 60.Ra7  1/2-1/2

[Event "Politiken Cup"]
[Site "Copenhagen DEN"]
[Date "2004.07.28"]
[Round "6"]
[White "Rohrmueller,U"]
[Black "Beliavsky,A"]
[Result "0-1"]
[WhiteElo "2260"]
[BlackElo "2679"]

1.Nf3 e6 2.c4 Nf6 3.Nc3 d5 4.d4 c6 5.Bg5 h6 6.Bxf6 Qxf6 7.e3 Nd7 8.Qb3 g5
9.cxd5 exd5 10.Bd3 g4 11.Ng1 h5 12.Nge2 h4 13.O-O Bd6 14.f4 Nb6 15.e4 dxe4
16.Nxe4 Qh6 17.f5 h3 18.g3 Bd7 19.Nf4 O-O-O 20.Qxf7 Bxf4 21.gxf4 Rhf8 22.Qg6 Qh8
23.f6 Rg8 24.Qf7 Nd5 25.Rac1 Kb8 26.Bc4 Nb6 27.Bb3 Bc8 28.Rce1 Nd5 29.Nc5 Rdf8
30.Nd7+ Bxd7 31.Qxd7 Qxf6 32.Re5 Rd8 33.Qe6 Qxe6 34.Rxe6 g3 35.hxg3 Rxg3+
36.Kf2 Rg2+ 37.Kf3 Nxf4 38.Rh6 Rxb2 39.Rh4 Ne2 40.Ke3 Nc3  0-1

[Event "Politiken Cup"]
[Site "Copenhagen DEN"]
[Date "2004.07.29"]
[Round "7"]
[White "Beliavsky,A"]
[Black "Naes,F"]
[Result "1-0"]
[WhiteElo "2679"]
[BlackElo "2269"]

1.d4 d5 2.c4 e6 3.Nc3 c5 4.cxd5 exd5 5.Nf3 Nc6 6.g3 Nf6 7.Bg2 Be7 8.O-O cxd4
9.Nxd4 O-O 10.Qd3 Be6 11.Rd1 Qd7 12.Bf4 Rad8 13.Rac1 Bg4 14.Nc2 Bf5 15.Qb5 a6
16.Qb6 Qe6 17.Ne3 d4 18.Nxf5 Qxf5 19.e4 Qc5 20.Qxc5 Bxc5 21.Nd5 Ba7 22.Bg5 Rd6
23.Bf4 Rdd8 24.Rxc6 bxc6 25.Ne7+ Kh8 26.Nxc6 Rd7 27.e5 Ng8 28.Bd2 Bc5 29.b4 Bb6
30.a4 Ne7 31.b5 axb5 32.Nxe7 Rxe7 33.Bb4 Rfe8 34.a5 Ba7 35.Bxe7 Rxe7 36.f4 Rc7
37.Kf1 Rc2 38.Be4 Ra2 39.f5 g6 40.f6 Rxa5 41.Rc1 h5 42.e6 fxe6 43.Bxg6  1-0

[Event "It"]
[Site "Pune IND"]
[Date "2004.09.04"]
[Round "2"]
[White "Nisipeanu,LD"]
[Black "Beliavsky,A"]
[Result "1/2-1/2"]
[WhiteElo "2686"]
[BlackElo "2679"]

1.e4 e5 2.Nf3 Nc6 3.Bb5 a6 4.Ba4 Nf6 5.O-O Be7 6.Re1 b5 7.Bb3 O-O 8.c3 d5
9.exd5 Nxd5 10.d4 exd4 11.cxd4 Bb4 12.Bd2 Bb7 13.Nc3 Bxc3 14.bxc3 Na5 15.Bc2 Nc4
16.Bg5 f6 17.Bc1 Bc8 18.Bg5 Bb7 19.Bd2 Na5 20.Bg5 Nc4 21.Qd3 g6 22.Bh6 Rf7
23.Nh4 Qd7 24.Qg3 Kh8 25.Bxg6 hxg6 26.Nxg6+ Kh7 27.Bf8 Nde3 28.Qh4+ Kxg6
29.Qh6+ Kf5 30.Qh3+ Kg6 31.Qh6+ Kf5 32.Qh5+  1/2-1/2

[Event "It"]
[Site "Pune IND"]
[Date "2004.09.04"]
[Round "2"]
[White "Nisipeanu,LD"]
[Black "Beliavsky,A"]
[Result "1/2-1/2"]
[WhiteElo "2686"]
[BlackElo "2679"]

1.e4 e5 2.Nf3 Nc6 3.Bb5 a6 4.Ba4 Nf6 5.O-O Be7 6.Re1 b5 7.Bb3 O-O 8.c3 d5
9.exd5 Nxd5 10.d4 exd4 11.cxd4 Bb4 12.Bd2 Bb7 13.Nc3 Bxc3 14.bxc3 Na5 15.Bc2 Nc4
16.Bg5 f6 17.Qd3 g6 18.Bh6 Rf7 19.Nh4 Qd7 20.Qg3 Kh8 21.Bxg6 hxg6 22.Nxg6+ Kh7
23.Bf8 Nde3 24.Qh4+ Kxg6 25.Qh6+ Kf5 26.Qh3+ Kg6 27.Qh6+ Kf5  1/2-1/2

[Event "It"]
[Site "Pune IND"]
[Date "2004.09.11"]
[Round "8"]
[White "Beliavsky,A"]
[Black "Ganguly,S"]
[Result "1/2-1/2"]
[WhiteElo "2679"]
[BlackElo "2574"]

1.d4 Nf6 2.c4 g6 3.g3 c6 4.Bg2 d5 5.cxd5 cxd5 6.Nc3 Bg7 7.Nf3 O-O 8.O-O e6
9.Ne5 Nfd7 10.f4 f6 11.Nd3 Nb6 12.Be3 Nc6 13.Bf2 f5 14.e3 Nc4 15.g4 Qa5 16.gxf5 gxf5
17.Rc1 Kh8 18.Kh1 Nb4 19.Ne5 Nxa2 20.Nxa2 Qxa2 21.Qh5 Nxe5 22.dxe5 Qa5 23.Bh4 Bd7
24.Be7 Be8 25.Qh4 Rg8 26.Rf3 Qd2 27.Rg1 Rc8 28.Rh3 Qxg2+ 29.Rxg2 Rc1+ 30.Rg1 Rxg1+
31.Kxg1 Bf6+ 32.Rg3 Bxh4 33.Rxg8+ Kxg8 34.Bxh4 Kf7 35.Kf2 Bb5 36.Ke1 b6 37.Bg5 Bd3
38.Bh4 Be4 39.Bg5 Ke8 40.Kd2 Bg2 41.Bh4 Be4 42.Bg5 d4 43.exd4 Bd5 44.h4 Kd7
45.h5 Kc6 46.h6 Bg2 47.Kc3 Kd5 48.b4 Bf1 49.Kb2 Kxd4 50.Be7 Ke4  1/2-1/2

[Event "It"]
[Site "Pune IND"]
[Date "2004.09.12"]
[Round "9"]
[White "Azmaiparashvili,Z"]
[Black "Beliavsky,A"]
[Result "1/2-1/2"]
[WhiteElo "2679"]
[BlackElo "2679"]

1.e4 e5 2.Nf3 Nc6 3.d4 exd4 4.Nxd4 Bc5 5.Be3 Qf6 6.c3 Nge7 7.Bc4 Ne5 8.Be2 d6
9.O-O Qg6 10.Kh1 O-O 11.Nd2  1/2-1/2

[Event "SLO vs NED Juniors"]
[Site "Maribor SLO"]
[Date "2004.09.17"]
[Round "1"]
[White "Beliavsky,A"]
[Black "L'Ami,E"]
[Result "1-0"]
[WhiteElo "2679"]
[BlackElo "2486"]


1.d4 Nf6 2.c4 g6 3.Nc3 d5 4.Nf3 Bg7 5.Qb3 dxc4 6.Qxc4 O-O 7.e4 c6 8.Qb3 Nbd7
9.e5 Nd5 10.Nxd5 cxd5 11.Bd3 Nb8 12.O-O Nc6 13.Be3 Qb6 14.Qxd5 Nb4 15.Qb5 Nxd3
16.Qxd3 Rd8 17.Qa3 Bf8 18.Rac1 Bg4 19.d5 Qb5 20.Rc5 Qe8 21.Qb3 Bxf3 22.gxf3 b6
23.Rc7 Rd7 24.Rc3 Qd8 25.Rd1 Bg7 26.f4 h6 27.Qc4 e6 28.d6 Qh4 29.f3 Rad8
30.Bf2 Qh3 31.Qe4 Kh7 32.Rdc1 f5 33.exf6 Bxf6 34.Rc7 Rg7 35.Rxg7+ Bxg7 36.Rc7 e5
37.fxe5 Qe6 38.Re7 Qxa2 39.Bd4 Qa4 40.Kg2 Re8 41.Rxg7+ Kxg7 42.e6+ Kh7 43.d7 Rg8
44.d8=Q  1-0

[Event "SLO vs NED Juniors"]
[Site "Maribor SLO"]
[Date "2004.09.17"]
[Round "2"]
[White "Stellwagen,D"]
[Black "Beliavsky,A"]
[Result "1/2-1/2"]
[WhiteElo "2509"]
[BlackElo "2679"]


1.e4 e5 2.Nf3 Nc6 3.Bb5 a6 4.Ba4 Nf6 5.O-O Be7 6.Re1 b5 7.Bb3 O-O 8.c3 d5
9.d4 dxe4 10.Nxe5 Nxe5 11.dxe5 Qxd1 12.Bxd1 Nd7 13.Bc2 Bb7 14.Nd2 Nxe5 15.Nxe4 Nc4
16.Nd2 Bd6 17.Nxc4 bxc4 18.Bg5 Rab8 19.Rad1 Rfe8 20.Rxe8+ Rxe8 21.Be3 Be4
22.Bxe4 Rxe4 23.h3 f5 24.Kf1 Kf7 25.Rd5 Re5 26.Rd4 Re4 27.Rd5  1/2-1/2

[Event "SLO vs NED Juniors"]
[Site "Maribor SLO"]
[Date "2004.09.17"]
[Round "4"]
[White "Smeets,J"]
[Black "Beliavsky,A"]
[Result "1/2-1/2"]
[WhiteElo "2545"]
[BlackElo "2679"]


1.e4 e5 2.Nf3 Nc6 3.d4 exd4 4.Nxd4 Bc5 5.Nxc6 Qf6 6.Qd2 dxc6 7.Nc3 Bd4 8.Bd3 Ne7
9.O-O Ng6 10.Ne2 Bxb2 11.Bxb2 Qxb2 12.f4 Qa3 13.f5 Ne5 14.Qg5 Bd7 15.Qxg7 Qc5+
16.Kh1 O-O-O 17.Qf6 h5 18.h3 Kb8 19.Rf4 Bc8 20.Rh4 Rhg8 21.Rf1 Rd6 22.Qe7 Qa5
23.Rxh5 Rd7 24.Qf6 Rd6 25.Qe7 Rd7 26.Qf6 Rd6 27.Qe7 Rd7  1/2-1/2

[Event "36th Olympiad"]
[Site "Calvia ESP"]
[Date "2004.10.20"]
[Round "6"]
[White "Beliavsky,A"]
[Black "Babula,V"]
[Result "1/2-1/2"]
[WhiteElo "2660"]
[BlackElo "2571"]

1.d4 Nf6 2.c4 e6 3.Nc3 Bb4 4.e3 c5 5.Ne2 d5 6.a3 Ba5 7.cxd5 cxd4 8.Qxd4 exd5
9.Qe5+ Be6 10.Nd4 Nbd7 11.Qg5 O-O 12.Bd2 h6 13.Qh4 Ne5 14.Be2 Re8 15.f3 Bd7
16.O-O Rc8 17.Rfd1 Bb6 18.Ncb5 Bc6 19.Bb4 Bxb5 20.Bxb5 Nc6 21.Qf2 Bxd4 22.exd4 Qb6
23.Bxc6 Qxc6 24.Bd2 Qc2 25.Rab1 Nd7  1/2-1/2

[Event "TCh-SLO"]
[Site "Celje SLO"]
[Date "2004.11.30"]
[Round "2"]
[White "Beliavsky,A"]
[Black "Palac,M"]
[Result "1-0"]
[WhiteElo "2660"]
[BlackElo "2543"]

1.d4 Nf6 2.c4 e6 3.Nf3 b6 4.g3 Ba6 5.Qb3 d5 6.cxd5 Qxd5 7.Qc2 c5 8.Nc3 Qc6
9.Be3 cxd4 10.Bxd4 Nbd7 11.Bg2 e5 12.Nh4 Qc8 13.Be3 Bb7 14.Bxb7 Qxb7 15.O-O Bc5
16.Bxc5 Nxc5 17.b4 Ne6 18.Qf5 Nd7 19.Ne4 O-O 20.Qf3 Rab8 21.Nf5 g6 22.Nfd6 Qd5
23.Qb3 Qxb3 24.axb3 a5 25.bxa5 bxa5 26.Rxa5 Rxb3 27.Rc1 Rfb8 28.Kg2 Rb1 29.Rxb1 Rxb1
30.Ra7 Nef8 31.Ng5 f6 32.Nge4 Rb6 33.g4 h5 34.h3 hxg4 35.hxg4 Rc6 36.e3 Kh8
37.Ra8 Kg7 38.Re8 Rb6 39.Re7+ Kg8 40.Rf7 Kh8 41.Nc8 Re6 42.Ne7 Ra6 43.Nxg6+ Kg8
44.Nxf8  1-0

[Event "TCh-SLO"]
[Site "Celje SLO"]
[Date "2004.11.30"]
[Round "3"]
[White "Ruck,R"]
[Black "Beliavsky,A"]
[Result "1/2-1/2"]
[WhiteElo "2562"]
[BlackElo "2660"]

1.Nf3 d5 2.d4 Nf6 3.c4 c6 4.Nc3 dxc4 5.a4 Bf5 6.Ne5 e6 7.f3 Bb4 8.e4 Bxe4
9.fxe4 Nxe4 10.Bd2 Qxd4 11.Nxe4 Qxe4+ 12.Qe2 Bxd2+ 13.Kxd2 Qd5+ 14.Kc2 Na6
15.Nxc4 O-O 16.Qe5 Rab8 17.Rd1 Nb4+  1/2-1/2

[Event "TCh-SLO"]
[Site "Celje SLO"]
[Date "2004.12.02"]
[Round "5"]
[White "Stevic,H"]
[Black "Beliavsky,A"]
[Result "1/2-1/2"]
[WhiteElo "2539"]
[BlackElo "2660"]

1.e4 e5 2.Nf3 Nc6 3.Bc4 Nf6 4.d4 exd4 5.e5 Ne4 6.Qe2 Nc5 7.O-O Be7 8.Rd1 d5
9.exd6 Qxd6 10.b4 d3 11.cxd3 Na4 12.b5 Nd4 13.Nxd4 Qxd4 14.Ba3 Be6 15.Bxe6 fxe6
16.Qxe6 Nc5 17.Bxc5 Qxc5 18.Re1 Rd8 19.Nd2 Qd6 20.Qe4 Rd7 21.Qxb7 O-O 22.Qxa7 Qxd3
23.Ne4 Qxb5 24.a4 Qb6 25.Qxb6 cxb6 26.Rab1  1/2-1/2

[Event "Amplico AIG Life 5th-8th"]
[Site "Warsaw POL"]
[Date "2004.12.19"]
[Round "1"]
[White "Short,N"]
[Black "Beliavsky,A"]
[Result "1/2-1/2"]
[WhiteElo "2687"]
[BlackElo "2660"]

1.e4 e5 2.Nf3 Nc6 3.Bb5 a6 4.Ba4 Nf6 5.O-O Be7 6.Re1 b5 7.Bb3 O-O 8.d4 Nxd4
9.Nxd4 exd4 10.e5 Ne8 11.c3 d5 12.cxd4 c6 13.Bc2 g6 14.Bh6 Ng7 15.Nd2 f6
16.exf6 Bxf6 17.Nb3 Bg5 18.Bxg5 Qxg5 19.Qd2 Qxd2 20.Nxd2 Bf5 21.Rac1 Rfe8
22.Kf1 Rxe1+ 23.Kxe1 Re8+ 24.Kf1 Re6 25.Nb3 Bxc2 26.Rxc2 Nf5 27.g4 Ne7 28.Re2 Rxe2
29.Kxe2 Kf7 30.Ke3 Kf6 31.h4 h5 32.f3 g5 33.hxg5+ Kxg5 34.gxh5 Nf5+ 35.Kd3 Kxh5
36.Kc3 Kg5 37.Kb4 Kf4 38.Kc5 Kxf3 39.Kxc6 Ke4 40.Nc5+ Kxd4 41.Nxa6 Kc4 42.b3+ Kc3
43.Kxd5 b4 44.Kc5 Nd4 45.Nxb4 Nxb3+ 46.axb3 Kxb3  1/2-1/2

[Event "Bundesliga Playoff 2004-5"]
[Site "Bremen GER"]
[Date "2005.05.08"]
[Round "5"]
[White "Beliavsky,A"]
[Black "Babula,V"]
[Result "1/2-1/2"]
[WhiteElo "2630"]
[BlackElo "2584"]

1.d4 Nf6 2.c4 e6 3.Nc3 Bb4 4.e3 c5 5.Ne2 d5 6.cxd5 Nxd5 7.a3 Nxc3 8.bxc3 Ba5
9.Bd2 O-O 10.Ng3 cxd4 11.cxd4 e5 12.dxe5 Qc7 13.Bd3 Nc6 14.O-O Bxd2 15.Qxd2 Nxe5
16.Be4 Be6 17.Rfc1 Nc4 18.Qd3 g6 19.Ne2 Rac8 20.Nd4 Rfd8 21.h4 Bd5 22.Rab1 Qe5
23.Bxd5 Qxd5 24.Qb3 b6 25.a4 Rc5 26.Rd1 Na5 27.Qb2 h5 28.Qa1 Qe5 29.Qa2 Qf6
30.Nf3 Nc6 31.Ng5 Qe7 32.Qb3 Kg7 33.Qb2+ f6 34.Rxd8 Nxd8 35.Rd1 Nc6 36.Nf3 Rc4
37.Qb5 Rc5 38.Qd3 Ne5 39.Nxe5 Rxe5 40.Qd7 Qf7 41.Rd6 Re7 42.Qb5 Rc7 43.Qd3 Qc4
44.Rd7+ Kh6 45.Qxc4 Rxc4 46.Rxa7 Rxh4 47.f4 g5 48.Ra6 gxf4 49.e4 Rg4 50.Rxb6 Rg3
51.Rxf6+ Kg5 52.Rf5+ Kg4 53.Rf8 Ra3 54.Rg8+ Kh4 55.Kf2 Rxa4 56.Kf3 Ra3+ 57.Kxf4 Rg3
58.Rh8 Rxg2 59.e5 Rf2+ 60.Ke3 Rf1 61.Rg8 Kh3 62.Ke4 h4 63.e6 Kh2 64.Rg4 h3
65.Ke5 Re1+ 66.Kf5 Rf1+ 67.Rf4 Re1  1/2-1/2

[Event "HB Global CC"]
[Site "Minneapolis USA"]
[Date "2005.05.18"]
[Round "1"]
[White "Beliavsky,A"]
[Black "Kis,L"]
[Result "1-0"]
[WhiteElo "2630"]
[BlackElo "2212"]

1.d4 Nf6 2.c4 g6 3.Nc3 Bg7 4.e4 d6 5.Nf3 O-O 6.Be2 e5 7.O-O Nc6 8.d5 Ne7
9.Nd2 a5 10.a3 Ne8 11.Rb1 f5 12.f3 g5 13.b4 axb4 14.axb4 f4 15.c5 h5 16.Nc4 Kh8
17.Bb2 Ng8 18.Ra1 Rb8 19.Nb5 Nh6 20.Na7 Bd7 21.c6 bxc6 22.Nxc6 Bxc6 23.dxc6 Nf6
24.Bc3 g4 25.Ra7 Nf7 26.Qa4 g3 27.h3 Nh7 28.Rd1 Re8 29.b5 Qh4 30.Bf1 Nhg5
31.b6 Nxh3+ 32.gxh3 Ng5 33.Bg2 Nxh3+ 34.Bxh3 Qxh3 35.Rd2 g2 36.Rxg2 Qxf3
37.Qc2 Qh3 38.Be1 f3 39.Rg3 Qe6 40.Ne3  1-0

[Event "HB Global CC"]
[Site "Minneapolis USA"]
[Date "2005.05.20"]
[Round "5"]
[White "Beliavsky,A"]
[Black "Ibragimov,I"]
[Result "1-0"]
[WhiteElo "2630"]
[BlackElo "2611"]

1.d4 Nf6 2.c4 e6 3.g3 Bb4+ 4.Bd2 Be7 5.Bg2 d5 6.Nf3 O-O 7.O-O c6 8.Qc2 b6
9.Rd1 Bb7 10.Bf4 Nbd7 11.Nc3 Nh5 12.Bc1 Nhf6 13.b3 Rc8 14.e4 dxe4 15.Ng5 c5
16.dxc5 bxc5 17.Ncxe4 Nxe4 18.Bxe4 Bxe4 19.Qxe4 Bxg5 20.Bxg5 Qc7 21.Bf4 e5
22.Qf5 Rfd8 23.Bg5 f6 24.Be3 Nf8 25.Rd5 Rxd5 26.cxd5 Rd8 27.Rd1 Qd6 28.Rd2 a6
29.Qg4 Rb8 30.h4 g6 31.Qa4 Rb5 32.h5 f5 33.Qc4 Nd7 34.a3 Nb6 35.Qc3 Nd7 36.h6 Kf7
37.f4 Qf6 38.Qc4 Nb6 39.Qc2 Nd7 40.Rd1 exf4 41.Bxf4 g5 42.Bc1 Qe5 43.Kh2 Kg6
44.Qd2 f4 45.Re1 fxg3+ 46.Kg2 Qf5 47.Re6+ Kh5 48.Re3  1-0